000 01387nam0a2200337 i 4500
001 RU\NLR\BIBL_A\010752395
005 20241114193926.0
010 _a9785893387778
_950
021 _aRU
_b15-23689
035 _a(NILC)RuMoRGB-007901466
035 _a(NLR Aleph) 010752395
090 _a9946575
_c9946575
100 _a20150514d2014 um y0rusy50 ca
101 0 _arus
102 _aRU
105 _aa|||j|||001yy
200 1 _aТеория линейных систем автоматического управления
_eучебное пособие
_fС. Ю. Съянов
_gМ-во образования и науки Российской Федерации, Брянский гос. технический ун-т
210 _aБрянск
_cБГТУ
_d2014
215 _a162 с.
_cил.
_d20
320 _aБиблиогр.: с. 105 (11 назв.)
320 _aПредм. указ.: с. 106-109
606 _aСАУ линейные
_jУчебные издания для высших учебных заведений
_xТеория
_92266485
_3RU\NLR\AUTH\661358638
686 1 _aЗ965.4-01я73-1
700 1 _aСъянов
_bС. Ю.
_gСергей Юрьевич
801 0 _aRU
_bРГБ
_c20150331
_gRCR
801 2 _aRU
_bРГБ
_c20150407
_grcr
801 1 _aRU
_bРГБ
_c20150331
_2rusmarc
942 _cBOOK
980 _aNBR